| Tag |
First Indicator |
Second Indicator |
Subfields |
| LEADER |
00000cam a2200000Ia 4500 |
| 001 |
in00002467140 |
| 005 |
20151110084506.0 |
| 008 |
090327s1932 enka 000 0 eng d |
| 035 |
|
|
|a (OCoLC)ocn317291783
|
| 035 |
|
|
|a (OCoLC)317291783
|
| 040 |
|
|
|a TXA
|c TXA
|d UtOrBLW
|
| 049 |
|
|
|a TXAM
|
| 090 |
|
|
|a TL540.G25
|b A3 1932c
|
| 100 |
1 |
|
|a Garnett, David,
|d 1892-1981.
|
| 245 |
1 |
2 |
|a A rabbit in the air :
|b notes from a diary kept while learning to handle an aeroplane /
|c by David Garnett.
|
| 250 |
|
|
|a Special ed.
|
| 264 |
|
1 |
|a London :
|b Chatto & Windus,
|c 1932.
|
| 300 |
|
|
|a ix, 117 pages :
|b illustrations ;
|c 20 cm.
|
| 336 |
|
|
|a text
|b txt
|2 rdacontent
|
| 337 |
|
|
|a unmediated
|b n
|2 rdamedia
|
| 338 |
|
|
|a volume
|b nc
|2 rdacarrier
|
| 500 |
|
|
|a "110 copies of this special edition have been printed; 100 are for sale".
|
| 500 |
|
|
|a The Cushing Library/Lit./Mitchell copies are nos. 67 and 101 and are signed by the author.
|
| 500 |
|
|
|a One of the Cushing Library/Lit./Mitchell copies is inscribed by the author.
|
| 536 |
|
|
|a One of the Cushing Library/Lit./Mitchell copies was acquired by Cushing as part of the David Garnett Family Books Collection.
|
| 650 |
|
0 |
|a Aeronautics.
|
| 650 |
|
0 |
|a Airplanes.
|
| 600 |
1 |
0 |
|a Garnett, David,
|d 1892-1981
|v Diaries.
|
| 994 |
|
|
|a C0
|b TXA
|
| 948 |
|
|
|a cataloged
|b h
|c 2009/3/27
|d o
|e nbehmer
|f 10:32:28 am
|
| 999 |
|
|
|a MARS
|
| 999 |
f |
f |
|s 5a058898-abad-3849-b684-d5ac4ba1534d
|i adbaf853-e8fc-35ff-978e-ec6ef73fe8f5
|t 0
|
| 952 |
f |
f |
|p noncirc
|a Texas A&M University
|b College Station
|c Cushing Memorial Library & Archives
|d Cushing: Literature/Mitchell (Does not check out)
|t 0
|e TL540.G25 A3 1932c
|h Library of Congress classification
|i unmediated -- volume
|
| 952 |
f |
f |
|p noncirc
|a Texas A&M University
|b College Station
|c Cushing Memorial Library & Archives
|d Cushing: Literature/Mitchell (Does not check out)
|t 0
|e TL540.G25 A3 1932c
|h Library of Congress classification
|i unmediated -- volume
|
| 998 |
f |
f |
|a TL540.G25 A3 1932c
|t 0
|l Cushing: Literature/Mitchell (Does not check out)
|
| 998 |
f |
f |
|a TL540.G25 A3 1932c
|t 0
|l Cushing: Literature/Mitchell (Does not check out)
|